[Event "Oberliga Nord N 2324"]
[Site "Germany"]
[Date "2024.04.14"]
[Round "8.5"]
[White "Willsch, Matthias"]
[Black "Breyther, Ruediger"]
[Result "1/2-1/2"]
[WhiteElo "2128"]
[BlackElo "2253"]
[PlyCount "92"]
[EventDate "2023.10.22"]
[EventType "team-tourn"]
[EventRounds "9"]
[EventCountry "GER"]
[SourceTitle "EXT 2025"]
[Source "ChessBase"]
[SourceDate "2024.10.14"]
[SourceVersion "1"]
[SourceVersionDate "2024.10.14"]
[SourceQuality "1"]
[WhiteTeam "Preetz"]
[BlackTeam "St Pauli"]
[WhiteTeamCountry "GER"]
[BlackTeamCountry "GER"]

1. d4 Nf6 2. Nf3 e6 3. e3 b6 4. Bd3 Bb7 5. 0-0 Be7 6. c4 c5 7. Nc3 0-0 8. d5 exd5 9. cxd5 d6 10. e4 Nbd7 11. h3 a6 12. a4 Ne8 13. Bf4 Bf6 14. Re1 Ne5 15. Bf1 Nxf3+ 16. Qxf3 Be5 17. Be3 Nf6 18. Bg5 Re8 19. Qd3 h6 20. Bd2 Bd4 21. g4 Nd7 22. Qg3 Qf6 23. Kg2 g5 24. f4 Kg7 25. Bd3 gxf4 26. Bxf4 Ne5 27. Rf1 Qg6 28. Rae1 f6 29. Bb1 Bc8 30. Ne2 Bd7 31. Bd2 Rf8 32. Nf4 Qh7 33. Nh5+ Kh8 34. Rxf6 Rxf6 35. Nxf6 Qg7 36. Nh5 Qe7 37. Bxh6 Rg8 38. Rf1 Nxg4 39. hxg4 Rxg4 40. Rf8+ Kh7 41. e5+ Kxh6 42. Rh8+ Kg5 43. Rg8+ Kxh5 44. Rh8+ Kg5 45. Rg8+ Kh5 46. Rh8+ Kg5 1/2-1/2

[Event "Oberliga Nord N 2324"]
[Site "Germany"]
[Date "2024.01.14"]
[Round "4.6"]
[White "Behrhorst, Frank"]
[Black "Willsch, Matthias"]
[Result "1/2-1/2"]
[WhiteElo "2205"]
[BlackElo "2117"]
[PlyCount "53"]
[EventDate "2023.10.22"]
[EventType "team-tourn"]
[EventRounds "9"]
[EventCountry "GER"]
[SourceTitle "EXT 2025"]
[Source "ChessBase"]
[SourceDate "2024.10.14"]
[SourceVersion "1"]
[SourceVersionDate "2024.10.14"]
[SourceQuality "1"]
[WhiteTeam "Johanneum Eppendorf"]
[BlackTeam "Preetz"]
[WhiteTeamCountry "GER"]
[BlackTeamCountry "GER"]

1. d4 d5 2. c4 e6 3. Nc3 a6 4. cxd5 exd5 5. Nf3 h6 6. Bf4 Nf6 7. Qc2 Bd6 8. Bxd6 Qxd6 9. e3 Nc6 10. Be2 0-0 11. h3 Re8 12. 0-0 Ne7 13. Bd3 g6 14. Na4 Bf5 15. Rfc1 c6 16. Nc5 Rab8 17. b4 Bxd3 18. Nxd3 Nf5 19. a4 Qe7 20. Rab1 Nd6 21. Nfe5 Nfe4 22. Nc5 Ra8 23. Nxe4 Nxe4 24. Nd3 Nd6 25. Ne5 Kg7 26. Re1 Qe6 27. Rec1 1/2-1/2

[Event "Oberliga Nord N 2223"]
[Site "Germany"]
[Date "2023.02.26"]
[Round "6.6"]
[White "Hornych, Christoph"]
[Black "Willsch, Matthias"]
[Result "1/2-1/2"]
[WhiteElo "2171"]
[BlackElo "2098"]
[PlyCount "99"]
[EventDate "2022.10.23"]
[EventType "team-tourn"]
[EventRounds "9"]
[EventCountry "GER"]
[SourceTitle "EXT 2025"]
[Source "ChessBase"]
[SourceDate "2024.10.14"]
[SourceVersion "1"]
[SourceVersionDate "2024.10.14"]
[SourceQuality "1"]
[WhiteTeam "Schwerin"]
[BlackTeam "Preetz"]
[WhiteTeamCountry "GER"]
[BlackTeamCountry "GER"]

1. e4 e6 2. d4 d5 3. Nd2 Nc6 4. Ngf3 Nf6 5. e5 Nd7 6. c3 f6 7. exf6 Qxf6 8. Bb5 Bd6 9. Qe2 0-0 10. Nb3 e5 11. Bxc6 bxc6 12. dxe5 Nxe5 13. Nxe5 Bxe5 14. Be3 a5 15. 0-0 Ba6 16. Qc2 Bxf1 17. Rxf1 a4 18. Nd4 a3 19. b3 Rae8 20. Qd3 Qd6 21. g3 Qd7 22. Kg2 Kh8 23. Rd1 Rf6 24. Rd2 Qg4 25. h3 Qe4+ 26. Qxe4 dxe4 27. Rc2 h6 28. h4 Rd8 29. Bc1 Bxd4 30. cxd4 Rxd4 31. Bxa3 Re6 32. Bc5 Rd1 33. a4 Ra1 34. g4 Kg8 35. Rd2 Rg6 36. g5 Kf7 37. Rd7+ Ke6 38. Rxc7 Kd5 39. Be3 hxg5 40. hxg5 Rb1 41. Rd7+ Rd6 42. Rb7 c5 43. Rb5 Rc6 44. Kg3 g6 45. Kg2 Rc8 46. a5 Rc6 47. Kg3 Rg1+ 48. Kh2 Rb1 49. Kg3 Rg1+ 50. Kh2 1/2-1/2

[Event "Oberliga Nord N 2122"]
[Site "Germany"]
[Date "2022.03.20"]
[Round "7.7"]
[White "Kilic, Oguz"]
[Black "Willsch, Matthias"]
[Result "0-1"]
[WhiteElo "2045"]
[BlackElo "2148"]
[PlyCount "142"]
[EventDate "2021.10.31"]
[EventType "team-tourn"]
[EventRounds "9"]
[EventCountry "GER"]
[SourceTitle "EXT 2023"]
[Source "ChessBase"]
[SourceDate "2022.10.05"]
[SourceVersion "1"]
[SourceVersionDate "2022.10.05"]
[SourceQuality "1"]
[WhiteTeam "Hamburg Diogenes"]
[BlackTeam "Preetz"]
[WhiteTeamCountry "GER"]
[BlackTeamCountry "GER"]

1. e4 e6 2. d3 d5 3. Nd2 Nf6 4. g3 dxe4 5. dxe4 Nc6 6. Bg2 Bc5 7. Ne2 Ng4 8. 0-0 Bxf2+ 9. Rxf2 Ne3 10. Qe1 Nxc2 11. Qf1 Ne3 12. Qe1 Ne5 13. Nf1 N3g4 14. Rf4 Nd3 15. Qc3 Nxf4 16. Bxf4 0-0 17. Bxc7 Qf6 18. Qxf6 gxf6 19. Rd1 Ne5 20. Nf4 Kg7 21. Ne3 b6 22. Rf1 Nd7 23. e5 Ba6 24. exf6+ Kxf6 25. Ne2+ Ke7 26. Bxa8 Rxa8 27. Rf2 Rc8 28. Bf4 Nc5 29. Bg5+ Ke8 30. Nf4 Ne4 31. Bh4 Rc1+ 32. Kg2 Nxf2 33. Kxf2 e5 34. Nfd5 Kd7 35. Nc3 f5 36. h3 Rh1 37. Bf6 Ke6 38. Bh8 Rh2+ 39. Kg1 Rxb2 40. Ned5 Bc4 41. Nc7+ Kd6 42. Ne8+ Kd7 43. Nf6+ Ke6 44. Nxh7 Bxa2 45. Ng5+ Kd6 46. Nxa2 Rxa2 47. Nf7+ Ke6 48. Nxe5 b5 49. Nc6 Kf7 50. h4 a5 51. Bc3 a4 52. Nd4 Ra3 53. Bb4 Rxg3+ 54. Kf2 Rd3 55. Nxf5 Rb3 56. Bc5 b4 57. Nd4 Rb2+ 58. Ke3 a3 59. Bxb4 a2 60. Bc3 a1Q 61. Bxb2 Qxb2 62. Nf3 Kf6 63. Kf4 Qc3 64. Ng5 Qe5+ 65. Kg4 Qd4+ 66. Kg3 Kf5 67. Nf3 Qe3 68. Kg2 Kf4 69. Nh2 Qg3+ 70. Kh1 Qf2 71. h5 Kg3 0-1

[Event "Oberliga Nord N 2122"]
[Site "Germany"]
[Date "2021.11.20"]
[Round "3.6"]
[White "Willsch, Matthias"]
[Black "Kotyk, Michael"]
[Result "1-0"]
[WhiteElo "2142"]
[BlackElo "2099"]
[PlyCount "101"]
[EventDate "2021.10.31"]
[EventType "team-tourn"]
[EventRounds "9"]
[EventCountry "GER"]
[SourceTitle "EXT 2023"]
[Source "ChessBase"]
[SourceDate "2022.10.05"]
[SourceVersion "1"]
[SourceVersionDate "2022.10.05"]
[SourceQuality "1"]
[WhiteTeam "Preetz"]
[BlackTeam "Hamburger SK III"]
[WhiteTeamCountry "GER"]
[BlackTeamCountry "GER"]

1. d4 Nf6 2. c4 e6 3. g3 d5 4. Nf3 Be7 5. Bg2 0-0 6. 0-0 c6 7. Qc2 b6 8. Nbd2 Na6 9. Ne5 Bb7 10. cxd5 Nb4 11. Qb3 cxd5 12. Ndf3 a5 13. Bd2 a4 14. Qd1 b5 15. a3 Na6 16. b4 Ne4 17. Ne1 f6 18. N5d3 Nd6 19. Bh3 Bc8 20. Nf4 Nc7 21. Ned3 Nc4 22. Nc5 Bxc5 23. dxc5 e5 24. Bxc8 Qxc8 25. Nd3 Qh3 26. Qc2 Ne6 27. e3 e4 28. Ne1 d4 29. Bc1 d3 30. Qd1 d2 31. Bxd2 Rad8 32. Ra2 Rd5 33. Qe2 Rfd8 34. Bc3 Rd1 35. f4 exf3 36. Nxf3 Nxe3 37. Rxd1 Rxd1+ 38. Be1 Qh6 39. Rd2 Rc1 40. Rd3 Nf4 41. gxf4 Qg6+ 42. Kh1 Rc2 43. Bd2 Ra2 44. Qxe3 Ra1+ 45. Be1 h5 46. Rd8+ Kh7 47. Qd3 f5 48. Ng5+ Qxg5 49. fxg5 Rxe1+ 50. Kg2 Re4 51. Qxe4 1-0

[Event "Oberliga Nord N 1920"]
[Site "Germany"]
[Date "2021.08.14"]
[Round "8.6"]
[White "Bach, Matthias"]
[Black "Willsch, Matthias"]
[Result "1/2-1/2"]
[WhiteElo "2270"]
[BlackElo "2165"]
[PlyCount "117"]
[EventDate "2019.09.29"]
[EventType "team-tourn"]
[EventRounds "9"]
[EventCountry "GER"]
[SourceTitle "EXT 2023"]
[Source "ChessBase"]
[SourceDate "2022.10.05"]
[SourceVersion "1"]
[SourceVersionDate "2022.10.05"]
[SourceQuality "1"]
[WhiteTeam "Hamburger SK III"]
[BlackTeam "Preetz"]
[WhiteTeamCountry "GER"]
[BlackTeamCountry "GER"]

1. d4 d5 2. c4 e6 3. Nc3 c5 4. e3 Nf6 5. a3 a6 6. Nf3 dxc4 7. Bxc4 b5 8. Ba2 Bb7 9. 0-0 Nbd7 10. Qe2 Bd6 11. dxc5 Nxc5 12. b4 Ncd7 13. Rd1 Qb8 14. e4 0-0 15. Bb2 Ne5 16. Nd4 Nc6 17. Nf3 Ne5 18. Nd2 Rd8 19. Nf1 Bc6 20. Rd2 Qb6 21. Rad1 Bb7 22. Kh1 Ng6 23. Qe3 Qxe3 24. Nxe3 Be7 25. f3 Rxd2 26. Rxd2 Rd8 27. Rxd8+ Bxd8 28. Ne2 Nd7 29. Kg1 Nge5 30. Bd4 Bc7 31. h3 g6 32. Kf1 h5 33. Nc1 Nc6 34. Nb3 Nxd4 35. Nxd4 Bb6 36. Nec2 Kf8 37. Ke2 Ke7 38. Nb3 Kd6 39. Ne1 Ne5 40. Nd2 Nc6 41. Nb3 Nd4+ 42. Nxd4 Bxd4 43. Nd3 h4 44. Kd2 g5 45. Bb1 f6 46. Bc2 f5 47. exf5 exf5 48. Ne1 Ke6 49. a4 bxa4 50. Bxa4 Bd5 51. Bc2 Bb6 52. Bd3 a5 53. bxa5 Bxa5+ 54. Ke2 Ke5 55. Nc2 Bb6 56. Ne3 Bxe3 57. Kxe3 f4+ 58. Kf2 Kd4 59. Bf5 1/2-1/2

[Event "Oberliga Nord N 1920"]
[Site "Germany"]
[Date "2020.02.09"]
[Round "6.5"]
[White "Willsch, Matthias"]
[Black "Hilwerda, Jonas"]
[Result "0-1"]
[WhiteElo "2174"]
[BlackElo "2202"]
[PlyCount "104"]
[EventDate "2019.09.29"]
[EventType "team-tourn"]
[EventRounds "9"]
[EventCountry "GER"]
[SourceTitle "CBM 195 Extra"]
[Source "ChessBase"]
[SourceDate "2020.05.31"]
[SourceVersion "1"]
[SourceVersionDate "2020.05.31"]
[SourceQuality "1"]

1. d4 Nf6 2. c4 g6 3. Nc3 Bg7 4. e4 d6 5. f4 c5 6. dxc5 Qa5 7. Bd3 Qxc5 8. Qe2 0-0 9. Be3 Qa5 10. Nf3 Nc6 11. 0-0 Bg4 12. Qf2 Bxf3 13. gxf3 Nh5 14. Rac1 Qd8 15. Kh1 e6 16. Rg1 f5 17. exf5 exf5 18. c5 dxc5 19. Bc4+ Kh8 20. Bxc5 Bd4 21. Bxd4+ Qxd4 22. Qxd4+ Nxd4 23. Rgd1 Rad8 24. Bd5 Nc6 25. Bxc6 bxc6 26. Ne2 Rxd1+ 27. Rxd1 Re8 28. Rd2 Re3 29. Rc2 a5 30. Kg1 Rxf3 31. Rc4 Rd3 32. Rc2 Rf3 33. Rc4 Rd3 34. Rc2 Re3 35. Kf2 Re4 36. Kf3 Rb4 37. b3 a4 38. Rc4 Rxc4 39. bxc4 Nf6 40. Nc3 a3 41. h4 Kg7 42. Ke3 Kh6 43. Kd4 Kh5 44. Nb1 Kxh4 45. Nxa3 Kg3 46. Nc2 h5 47. Ke3 h4 48. Nd4 h3 49. Nf3 c5 50. a4 Nd7 51. a5 Nb8 52. Nd2 h2 0-1

[Event "BL2-Nord 0708"]
[Site "Germany"]
[Date "2008.04.06"]
[Round "8.5"]
[White "Fruebing, Stefan"]
[Black "Willsch, Matthias"]
[Result "1/2-1/2"]
[WhiteElo "2313"]
[BlackElo "2286"]
[PlyCount "66"]
[EventDate "2007.10.21"]
[EventType "team-tourn"]
[EventRounds "9"]
[EventCountry "GER"]
[SourceTitle "EXT 2009"]
[Source "ChessBase"]
[SourceDate "2008.11.26"]
[SourceVersion "1"]
[SourceVersionDate "2008.11.26"]
[SourceQuality "1"]
[WhiteTeam "Koenig Tegel"]
[BlackTeam "Preetz"]
[WhiteTeamCountry "GER"]
[BlackTeamCountry "GER"]

1. e4 e6 2. d4 d5 3. Nc3 Bb4 4. e5 c5 5. a3 Bxc3+ 6. bxc3 Ne7 7. Nf3 Qa5 8. Bd2 Nbc6 9. a4 Bd7 10. Be2 f6 11. exf6 gxf6 12. c4 Qc7 13. dxc5 dxc4 14. 0-0 0-0-0 15. Bxc4 e5 16. Qc1 Bg4 17. Ra3 Nd4 18. Nxd4 Rxd4 19. Bd3 Qd7 20. f3 Be6 21. Bb5 Qc7 22. Be3 Rdd8 23. Rd1 a6 24. Bf1 Rxd1 25. Qxd1 Rd8 26. Rd3 Rxd3 27. Qxd3 Bf5 28. Qb3 Qd7 29. c4 Nc6 30. h4 Nd4 31. Qb6 Nc6 32. Qb3 Nd4 33. Qb6 Nc6 1/2-1/2

[Event "BL2-Nord 0506"]
[Site "Germany"]
[Date "2006.04.02"]
[Round "9.4"]
[White "Willsch, Matthias"]
[Black "Muse, Drazen"]
[Result "0-1"]
[WhiteElo "2286"]
[BlackElo "2398"]
[PlyCount "49"]
[EventDate "2005.10.23"]
[EventType "team-tourn"]
[EventRounds "9"]
[EventCountry "GER"]
[SourceTitle "EXT 2007"]
[Source "ChessBase"]
[SourceDate "2006.11.23"]
[SourceVersion "1"]
[SourceVersionDate "2006.11.23"]
[SourceQuality "1"]
[WhiteTeam "Preetz"]
[BlackTeam "Koenig Tegel"]
[WhiteTeamCountry "GER"]
[BlackTeamCountry "GER"]

1. d4 d5 2. g3 Bf5 3. Bg2 e6 4. c4 c6 5. Qb3 Qb6 6. Nc3 Na6 7. e4 dxe4 8. Nxe4 Bb4+ 9. Kf1 Bxe4 10. Bxe4 Qxd4 11. Bf3 0-0-0 12. Be3 Qe5 13. Bxa7 Rd2 14. Bb6 Bc5 15. Bxc5 Nxc5 16. Qc3 Qxc3 17. bxc3 Nf6 18. Ne2 e5 19. Nc1 Nce4 20. Bxe4 Nxe4 21. Ne2 Rhd8 22. f3 Nc5 23. g4 R8d3 24. Kf2 e4 25. f4 0-1

[Event "BL2-Nord 0506"]
[Site "Germany"]
[Date "2006.01.29"]
[Round "6.5"]
[White "Willsch, Matthias"]
[Black "Bode, Wilfried"]
[Result "0-1"]
[WhiteElo "2286"]
[BlackElo "2349"]
[PlyCount "110"]
[EventDate "2005.10.23"]
[EventType "team-tourn"]
[EventRounds "9"]
[EventCountry "GER"]
[SourceTitle "EXT 2007"]
[Source "ChessBase"]
[SourceDate "2006.11.23"]
[SourceVersion "1"]
[SourceVersionDate "2006.11.23"]
[SourceQuality "1"]
[WhiteTeam "Preetz"]
[BlackTeam "Werder Bremen II"]
[WhiteTeamCountry "GER"]
[BlackTeamCountry "GER"]

1. Nf3 b6 2. g3 Bb7 3. Bg2 g6 4. 0-0 Bg7 5. c4 c5 6. Nc3 Nc6 7. e3 Bxc3 8. bxc3 f5 9. e4 fxe4 10. Ng5 Nf6 11. Nxe4 Nxe4 12. Bxe4 Na5 13. Qg4 Bxe4 14. Qxe4 0-0 15. d3 e6 16. h4 Qf6 17. Bh6 Rfe8 18. Bd2 Qf5 19. Rfe1 Nc6 20. Qxf5 exf5 21. Bf4 Re6 22. f3 Rae8 23. Kf2 Kf7 24. Rad1 Rxe1 25. Rxe1 Rxe1 26. Kxe1 Ke6 27. Kd2 d6 28. Ke2 Ne7 29. Bg5 Nc6 30. Bf4 Kd7 31. Ke3 Nd8 32. g4 fxg4 33. fxg4 Ke6 34. Ke4 Nf7 35. d4 Nd8 36. d5+ Kd7 37. h5 Nf7 38. hxg6 hxg6 39. Bg3 Nh6 40. Kf4 Nf7 41. Ke4 Kc7 42. Bf4 Kb7 43. Bg3 Ka6 44. a4 Ka5 45. Bxd6 Nxd6+ 46. Ke5 Nxc4+ 47. Kf6 b5 48. axb5 Kxb5 49. Kxg6 a5 50. g5 a4 51. Kf6 a3 52. g6 a2 53. g7 a1Q 54. g8Q Qxc3+ 55. Ke6 Qe5+ 0-1

[Event "BL2-Nord 0506"]
[Site "Germany"]
[Date "2005.11.13"]
[Round "2.5"]
[White "Bach, Matthias"]
[Black "Willsch, Matthias"]
[Result "1-0"]
[WhiteElo "2310"]
[BlackElo "2286"]
[PlyCount "111"]
[EventDate "2005.10.23"]
[EventType "team-tourn"]
[EventRounds "9"]
[EventCountry "GER"]
[SourceTitle "EXT 2007"]
[Source "ChessBase"]
[SourceDate "2006.11.23"]
[SourceVersion "1"]
[SourceVersionDate "2006.11.23"]
[SourceQuality "1"]
[WhiteTeam "Hamburger SK II"]
[BlackTeam "Preetz"]
[WhiteTeamCountry "GER"]
[BlackTeamCountry "GER"]

1. d4 d5 2. c4 Nc6 3. Nf3 Bg4 4. cxd5 Bxf3 5. gxf3 Qxd5 6. e3 e5 7. Nc3 Bb4 8. Bd2 Bxc3 9. bxc3 Qd6 10. Rb1 Nge7 11. Bg2 0-0 12. 0-0 b6 13. f4 f6 14. fxe5 fxe5 15. d5 Na5 16. c4 Nb7 17. Bb4 Nc5 18. Bxc5 bxc5 19. Be4 Rf6 20. f3 Raf8 21. Qa4 Nf5 22. Kf2 Qe7 23. Qc2 Rh6 24. Rh1 Qh4+ 25. Ke2 Rg6 26. Kd3 Qh3 27. Rhg1 Ra6 28. Qg2 Qh6 29. Qg5 Qxg5 30. Rxg5 g6 31. Bxf5 Rxf5 32. Rxf5 gxf5 33. Rb8+ Kf7 34. Rb7 Ra3+ 35. Ke2 Rxa2+ 36. Kf1 Ra3 37. Rxc7+ Ke8 38. Kf2 Ra2+ 39. Kg3 Re2 40. Rxc5 Rxe3 41. Rc8+ Kd7 42. Rh8 e4 43. Kf4 Rxf3+ 44. Ke5 Rh3 45. Ra8 Ra3 46. c5 e3 47. c6+ Ke7 48. d6+ Kf7 49. Rb8 e2 50. Rb7+ Kg6 51. Rb1 Re3+ 52. Kd4 Re6 53. Kd5 Re3 54. Re1 Rd3+ 55. Ke6 f4 56. c7 1-0

[Event "Bundesliga 0405"]
[Site "Germany"]
[Date "2004.11.13"]
[Round "1.7"]
[White "Thesing, Matthias"]
[Black "Willsch, Matthias"]
[Result "1/2-1/2"]
[WhiteElo "2420"]
[BlackElo "2250"]
[PlyCount "107"]
[EventDate "2004.11.12"]
[EventType "team-tourn"]
[EventRounds "15"]
[EventCountry "GER"]
[SourceTitle "EXT 2005"]
[Source "ChessBase"]
[SourceDate "2004.11.15"]
[SourceVersion "1"]
[SourceVersionDate "2004.11.15"]
[SourceQuality "1"]
[WhiteTeam "Katernberg"]
[BlackTeam "Preetz"]
[WhiteTeamCountry "GER"]
[BlackTeamCountry "GER"]

1. e4 e6 2. d4 d5 3. exd5 exd5 4. Nf3 Bd6 5. c4 c6 6. Nc3 Ne7 7. Bd3 dxc4 8. Bxc4 0-0 9. 0-0 Nd7 10. Re1 Nb6 11. Bb3 Nbd5 12. Ne5 f6 13. Nc4 Bb4 14. Bd2 Bxc3 15. bxc3 Kh8 16. Nb2 b5 17. a4 Bf5 18. axb5 cxb5 19. c4 bxc4 20. Nxc4 Nc6 21. Ra6 Rc8 22. Qa1 Bd3 23. Rc1 Nb6 24. Nxb6 axb6 25. Ra3 Qxd4 26. Be6 Qxa1 27. Raxa1 Rc7 28. Bd5 Bb5 29. Rab1 Ba4 30. Be3 Rfc8 31. Rxb6 Ne7 32. Rxc7 Rxc7 33. Be6 h6 34. h4 g6 35. Bd4 Kg7 36. Ba2 Nc6 37. Be3 g5 38. Be6 Ne5 39. Bf5 Bd7 40. Be4 Bc8 41. Bd4 Re7 42. f3 Nd7 43. Rd6 Ne5 44. Kh2 Be6 45. Kg3 Bf7 46. Bc2 Re6 47. Rxe6 Bxe6 48. f4 gxf4+ 49. Kxf4 Ng6+ 50. Kg3 Ne7 51. Bf2 Bd5 52. Bc5 Ng6 53. Bf5 Nxh4 54. Kxh4 1/2-1/2

[Event "BL2-Nord 0203"]
[Site "Germany"]
[Date "2003.03.30"]
[Round "9.3"]
[White "Willsch, Matthias"]
[Black "Stern, Rene"]
[Result "0-1"]
[WhiteElo "2245"]
[BlackElo "2461"]
[PlyCount "102"]
[EventDate "2002.10.20"]
[EventType "team-tourn"]
[EventRounds "9"]
[EventCountry "GER"]
[SourceTitle "EXT 2004"]
[Source "ChessBase"]
[SourceDate "2003.11.25"]
[SourceVersion "1"]
[SourceVersionDate "2003.11.25"]
[SourceQuality "1"]
[WhiteTeam "Preetz"]
[BlackTeam "Koenig Tegel"]
[WhiteTeamCountry "GER"]
[BlackTeamCountry "GER"]

1. d4 Nf6 2. c4 e6 3. Nf3 d5 4. Nc3 Nbd7 5. Bf4 dxc4 6. e3 Nd5 7. Bxc4 Nxf4 8. exf4 Bd6 9. g3 0-0 10. 0-0 Nf6 11. Re1 Bd7 12. Ne5 Be8 13. Qd3 a6 14. Rad1 Qc8 15. Ne4 Nxe4 16. Qxe4 Ba4 17. Rc1 Bxe5 18. fxe5 Bc6 19. d5 exd5 20. Bxd5 Bxd5 21. Qxd5 c6 22. Qb3 Qc7 23. Rcd1 Rae8 24. f4 b5 25. e6 c5 26. exf7+ Qxf7 27. Qxf7+ Kxf7 28. Rd7+ Kg8 29. Kf2 Rxe1 30. Kxe1 Re8+ 31. Kd2 Re6 32. Rc7 Rh6 33. Rc8+ Kf7 34. Rc7+ Kf8 35. Rc8+ Ke7 36. Rc7+ Kd6 37. Rxg7 Rxh2+ 38. Kc3 a5 39. a3 Rf2 40. Rg5 h6 41. Rg6+ Kd5 42. b3 b4+ 43. axb4 axb4+ 44. Kd3 Rb2 45. g4 Rxb3+ 46. Kc2 Rf3 47. f5 c4 48. Rxh6 b3+ 49. Kb2 Rf2+ 50. Kb1 c3 51. Rh1 b2 0-1

[Event "BL2-Nord 0203"]
[Site "Germany"]
[Date "2003.01.12"]
[Round "4.5"]
[White "Hochgraefe, Markus"]
[Black "Willsch, Matthias"]
[Result "1/2-1/2"]
[WhiteElo "2331"]
[BlackElo "2245"]
[PlyCount "63"]
[EventDate "2002.10.20"]
[EventType "team-tourn"]
[EventRounds "9"]
[EventCountry "GER"]
[SourceTitle "EXT 2004"]
[Source "ChessBase"]
[SourceDate "2003.11.25"]
[SourceVersion "1"]
[SourceVersionDate "2003.11.25"]
[SourceQuality "1"]
[WhiteTeam "Hamburg Koenigsspringer"]
[BlackTeam "Preetz"]
[WhiteTeamCountry "GER"]
[BlackTeamCountry "GER"]

1. Nf3 c5 2. c4 Nc6 3. d4 cxd4 4. Nxd4 Qb6 5. Nb5 a6 6. N5c3 e6 7. a3 Nf6 8. Na4 Qc7 9. Be3 b5 10. cxb5 axb5 11. Nb6 Rb8 12. Nxc8 Qxc8 13. g3 Ng4 14. Bd2 Bc5 15. e3 Nce5 16. Be2 Qc6 17. 0-0 h5 18. b4 Bb6 19. a4 bxa4 20. b5 Qb7 21. Rxa4 0-0 22. h3 Nf6 23. Bc3 d6 24. Qxd6 Bc7 25. Qd1 Rfd8 26. Rd4 Ne4 27. Qa4 Nxc3 28. Nxc3 Rxd4 29. Qxd4 Nf3+ 30. Bxf3 Qxf3 31. Qd1 Qf5 32. h4 1/2-1/2

[Event "BL2-Nord 0304"]
[Site "Germany"]
[Date "2003.??.??"]
[Round "?.5"]
[White "Zesch, Ludwig"]
[Black "Willsch, Matthias"]
[Result "1/2-1/2"]
[WhiteElo "2245"]
[BlackElo "2255"]
[PlyCount "120"]
[EventDate "2003.10.??"]
[EventType "team-tourn"]
[EventRounds "9"]
[EventCountry "GER"]
[SourceTitle "CBM 100 Extra"]
[Source "ChessBase"]
[SourceDate "2004.07.06"]
[SourceVersion "2"]
[SourceVersionDate "2004.07.06"]
[SourceQuality "1"]
[WhiteTeam "Leipzig Gohlis"]
[BlackTeam "Preetz"]
[WhiteTeamCountry "GER"]
[BlackTeamCountry "GER"]

1. e4 e6 2. d3 d5 3. Qe2 Nf6 4. Nd2 b6 5. e5 Nfd7 6. g3 c5 7. Bg2 Nc6 8. Ndf3 Be7 9. h4 h6 10. Nh3 Rg8 11. h5 Qc7 12. Bf4 Bb7 13. c3 d4 14. c4 0-0-0 15. 0-0-0 a6 16. Rhe1 b5 17. Nd2 Nb6 18. Kb1 bxc4 19. Nxc4 Nxc4 20. dxc4 Nb4 21. Bxb7+ Qxb7 22. f3 g5 23. Bd2 Nc2 24. Ba5 d3 25. Qe4 Nxe1 26. Qxb7+ Kxb7 27. Bxd8 Bxd8 28. Rxe1 g4 29. fxg4 Rxg4 30. Re3 d2 31. Kc2 Rxc4+ 32. Kxd2 Ba5+ 33. Kd3 Rd4+ 34. Kc2 Kc6 35. Rf3 Kd5 36. Rxf7 Rd2+ 37. Kc1 Kxe5 38. Nf4 Rh2 39. Nd3+ Kd6 40. Ra7 Bd2+ 41. Kd1 a5 42. b3 Bg5 43. Nf4 Bxf4 44. gxf4 Rxa2 45. Rh7 a4 46. bxa4 Rxa4 47. f5 exf5 48. Rxh6+ Ke5 49. Rc6 Kd4 50. Rd6+ Ke4 51. Rc6 Ra1+ 52. Ke2 Ra2+ 53. Kd1 Rh2 54. Rxc5 Rxh5 55. Ke2 Rh2+ 56. Kf1 Ra2 57. Rc4+ Kf3 58. Rc3+ Kg4 59. Rc4+ f4 60. Rc3 f3 1/2-1/2

[Event "BL2-Nord 0203"]
[Site "Germany"]
[Date "2002.12.15"]
[Round "3.8"]
[White "Lieb, Harald"]
[Black "Willsch, Matthias"]
[Result "1/2-1/2"]
[WhiteElo "2314"]
[BlackElo "2245"]
[PlyCount "127"]
[EventDate "2002.10.20"]
[EventType "team-tourn"]
[EventRounds "9"]
[EventCountry "GER"]
[SourceTitle "EXT 2004"]
[Source "ChessBase"]
[SourceDate "2003.11.25"]
[SourceVersion "1"]
[SourceVersionDate "2003.11.25"]
[SourceQuality "1"]
[WhiteTeam "Zehlendorf"]
[BlackTeam "Preetz"]
[WhiteTeamCountry "GER"]
[BlackTeamCountry "GER"]

1. d4 Nf6 2. c4 e6 3. Nf3 d5 4. g3 Be7 5. Bg2 0-0 6. Qc2 dxc4 7. Qxc4 a6 8. 0-0 b5 9. Qc2 Bb7 10. Nbd2 Nc6 11. a3 a5 12. Rd1 Qc8 13. Nb3 a4 14. Nc5 Bxc5 15. dxc5 Na5 16. Nd4 Bxg2 17. Kxg2 Rd8 18. Bg5 c6 19. Bxf6 gxf6 20. Rd3 Nc4 21. Rad1 Ne5 22. Rc3 Rd5 23. e4 Rd8 24. Ne2 Rxd1 25. Qxd1 Ra7 26. Qc1 Rd7 27. Nf4 Qd8 28. Nh5 Rd2 29. Nxf6+ Kg7 30. Nd5 Nc4 31. Rxc4 bxc4 32. Qc3+ Kg8 33. Nf6+ Kf8 34. Nxh7+ Kg8 35. Nf6+ Kf8 36. Nd5 Rxd5 37. exd5 Qxd5+ 38. f3 Qxc5 39. h4 Kg8 40. g4 Qd5 41. h5 e5 42. Qe3 Qe6 43. Qg5+ Kh7 44. Qd2 Qd5 45. Qc2+ Qd3 46. Qc3 e4 47. fxe4 Qxe4+ 48. Qf3 Qc2+ 49. Qf2 Qe4+ 50. Kg3 Qe5+ 51. Kh3 Kg7 52. Qd2 Qd5 53. Qc3+ f6 54. Kg3 Qd6+ 55. Kg2 Qd5+ 56. Kf2 Qe4 57. Kg3 Qd3+ 58. Kf2 Qe4 59. Kg3 Qd3+ 60. Kf4 Qd6+ 61. Kf3 Qd5+ 62. Ke3 Qe5+ 63. Kf3 Qd5+ 64. Kf2 1/2-1/2